| 000 | 00946 a2200205 4500 | ||
|---|---|---|---|
| 020 | _a0395698022 | ||
| 020 | _a9780395698020 | ||
| 082 | 0 | 4 | _a657.48 |
| 090 |
_c2413 _d2413 |
||
| 100 | 1 | _aNeedles, Belverd E. | |
| 245 | 1 | 0 |
_aFinancial accounting / _cBelverd E. Needles. |
| 250 | _a5th ed. | ||
| 260 |
_a[S.l.] : _bHoughton Mifflin College Div, _c1994. |
||
| 300 |
_a896 p. ; _c27 cm. |
||
| 500 | _aHardcover. | ||
| 520 | _aThis fifth edition of a work on financial accounting features less emphasis on procedural details, and more on management issues. The text focuses on the uses of accounting information, rather than on the traditional preparation of information. An ancillary package is available upon adoption. | ||
| 856 | 4 | 0 |
_3Amazon.com _uhttp://www.amazon.com/exec/obidos/ASIN/0395698022/chopaconline-20 |
| 856 | 4 | 0 |
_3Amazon customer reviews _uhttp://www.chopac.org/cgi-bin/tools/azrev.pl?q=0395698022 |
| 942 |
_aNBS _cBK _k657.48 NEE |
||
| 999 |
_c344911 _d344911 |
||